02594nam a2200325 i 4500003000900000005001700009007000300026008004100029020001800070040003000088041000800118082001900126100007300145245019000218264004400408300004100452336002700493337003300520338002800553500006800581520116000649590002701809700005001836700005901886910001401945942001401959952013601973952014202109999001702251DO-SdBNP20250708121048.0ta250708t2025 dr o 000 0 spa d a9789945291919 aDO-SdBNPbspacBNPHUerda hspa axxxxbS2372221 aSantos, Rafael d1968-eautor4aut.943510qSantos, Rafael Jiovanny 10aBrian A. DePeña biografía de un líder :bsus orígenes, su pasión, sus sueños... /cRafael Santos ; breves palabras, Javier Herrera ; presentación, Antoliano Peralta Romero aSanto Domingo :bEditora Búho,c2025. a186 páginasbfotografíasc24 cm. atextobtxt2rdacontent asin mediaciónbn2rdamedia avolumenbnc2rdacarrier aIncluye datos biografícos del autor en las páginas 187-188. aUn libro biográfico logra adecuadamente su propósito cuando responde a la realidad, y este lo consigue a plenitud por ser, indudablemente, veraz. Tengo recuerdos lejanos de la etapa infantil de la vida del biografiado y al contrastarlos con lo aquí descrito confirmo mi afirmación anterior. La familia DePeña-Sánchez emigró de Higüey hacia Miches, probablemente poco después de la muerte de Trujillo. Todos les llamábamos “los higüeyanos” hasta que supimos sus nombres. El patriarca Alejandro DePeña era un hombre de esos que con solo mirarlo inspiraba respeto; lo mismo ocurría con doña Olivia, la esposa. En definitiva, los DePeña-Sánchez, tanto los padres como los hijos, eran lo que se puede denominar gente buena. Uno de los hijos de don Alejandro y doña Olivia, conocido como “Nando”, se unió en matrimonio con la joven profesora Ramona Páez, ambos cristianos adventistas. De ese matrimonio nacieron cuatro varones. Uno de ellos Brian o Aurelio, como todos lo llamábamos. Era una familia humilde forjada en la escasez y las limitaciones que agrega nacer y crecer en un pueblo pequeño e incomunicado. aInventariado, 2025/ YL1 aHerrera, Javier ebreves palabras4br.9882801 aPeralta Romero, Antoliano epresentación4pr.988281 aYLockward 2ddccLBS1 00102ddc51708PDaBNPHUbBNPHUcCTd2025-05-23eDepósito Legall0oBNPHU PD xxxx S237p2025-6252r2025-07-08w2025-07-08yLBS1 00102ddc51708PDaBNPHUbBNPHUcCTd2025-05-23eDepósito Legall0oBNPHU PD xxxx S237p2025-6253r2025-07-08te. 2w2025-07-08yLBS1 c59458d59458